20 Biggest Coastal Cities in the World - Statistics

General Stats
  • This quiz has been taken 19 times
  • The average score is 13 of 20
Answer Stats
Population Answer % Correct
37.0m Tokyo
100%
22.5m Mumbai
88%
31.0m Shanghai
88%
11.8m Jakarta
82%
15.9m Buenos Aires
76%
16.4m Istanbul
76%
17.8m Lagos
76%
18.9m Osaka
76%
14.0m Rio de Janeiro
76%
11.5m Bangkok
71%
15.5m Manila
71%
10.0m Ho Chi Minh City
65%
18.5m Karachi
59%
11.7m Lima
59%
12.6m Chennai
47%
9.5m Nagoya
41%
10.4m Luanda
35%
9.0m Dar es Salaam
29%
13.8m Shenzhen
29%
14.9m Tianjin
24%
No matching quizzes found
Score Distribution
Percent of People with Each Score
Percentile by Number Answered
Your Score History
You have not taken this quiz